Исследование таутомерных форм пурина методами колебательной спектроскопии и резонансного комбинационного рассеяния. I. Моделирование структуры пурина в различных фазовых состояниях; Известия вузов. Физика; Т. 47, № 6

Xehetasun bibliografikoak
Parent link:Известия вузов. Физика/ Министерство общего и профессионального образования Российской Федерации ; Томский Госуниверситет.— , 1958-.— 0021-3411
Т. 47, № 6.— 2004.— с. 45-59
Egile nagusia: Тен Г. Н.
Beste egile batzuk: Бурова Т. Г., Баранов В. И.
Hizkuntza:errusiera
Argitaratua: 2004
Saila:Оптика и спектроскопия
Gaiak:
Formatua: Liburu kapitulua
KOHA link:https://koha.lib.tpu.ru/cgi-bin/koha/opac-detail.pl?biblionumber=420111

MARC

LEADER 00000naa2a2200000 4500
001 420111
005 20231101073330.0
035 |a (RuTPU)RU\TPU\prd\77593 
035 |a RU\TPU\prd\32393 
090 |a 420111 
100 |a 20100302a2004 k y0rusy50 ca 
101 0 |a rus 
102 |a RU 
200 1 |a Исследование таутомерных форм пурина методами колебательной спектроскопии и резонансного комбинационного рассеяния. I. Моделирование структуры пурина в различных фазовых состояниях  |f Г. Н. Тен, Т. Г. Бурова, В. И. Баранов 
225 1 |a Оптика и спектроскопия 
320 |a Библиогр.: 18 назв. 
461 1 |0 (RuTPU)RU\TPU\prd\191  |x 0021-3411  |t Известия вузов. Физика  |f Министерство общего и профессионального образования Российской Федерации ; Томский Госуниверситет  |d 1958- 
463 1 |0 (RuTPU)RU\TPU\prd\77585  |t Т. 47, № 6  |v с. 45-59  |d 2004 
610 1 |a пурин 
610 1 |a таутомерные формы 
610 1 |a исследование 
610 1 |a колебательная спектроскопия 
610 1 |a резонансное комбинационное рассеяние 
610 1 |a моделирование 
610 1 |a фазовые состояния 
610 1 |a изолирующие матрицы 
675 |a 543.42  |v 3 
675 |a 547.82  |v 3 
700 1 |a Тен  |b Г. Н. 
701 1 |a Бурова  |b Т. Г. 
701 1 |a Баранов  |b В. И. 
801 1 |a RU  |b 63413507  |c 20050204  |g PSBO 
801 2 |a RU  |b 63413507  |c 20101029  |g PSBO 
942 |c BK